| 000 | 00502nam a22001817a 4500 | ||
|---|---|---|---|
| 005 | 20251209114101.0 | ||
| 008 | 250909b |||||||| |||| 00| 0 eng d | ||
| 020 | _a978-93-6059-892-1 | ||
| 041 | _aeng | ||
| 082 | _a616.904 1 BAV-T | ||
| 100 |
_aBAVEJA, C P AND BAVEJA, V. _98670 |
||
| 245 | _aTEXT AND PRACTICAL MICROBIOLOGY FOR MLT [ 4TH ED.] | ||
| 250 | _a4TH ED. | ||
| 260 |
_aNEW DELHI _bARYA PUBLISHING COMPANY _c2024 |
||
| 300 | _a359,P | ||
| 650 |
_aPARAMEDICAL _xBMIRT _98845 |
||
| 942 | _cBK | ||
| 999 |
_c8799 _d8797 |
||